Statistics for Movies with Witches

Click here to take the quiz!

General Stats

  • This quiz has been taken 186 times
  • The average score is 10 of 14

Answer Stats

HintMovie% Correct
Hermione GrangerHarry Potter series
95%
Movie in which the wicked witch has flying monkey helpersThe Wizard of Oz
92%
Ursula is a sea witch in this animated film.The Little Mermaid
91%
The queen is a witch with a magic mirror.Snow White and the Seven Dwarfs
89%
Adaptation of a Roald Dahl novelThe Witches
80%
Aslan is rightful ruler of the land ruled over by The White Witch.The Lion, the Witch and the Wardrobe
73%
Bette Midler, Sarah Jessica Parker, and Kathy NajimyHocus Pocus
71%
Film about a witch in the woods of MarylandThe Blair Witch Project
61%
Madame Mim is Merlin's nemesis.The Sword in the Stone
56%
Cher, Michelle Pfeiffer and Susan SarandonThe Witches of Eastwick
53%
Baker and wife are cursed in this musical of Grimm fairy tales.Into the Woods
52%
Four outcast girls at a Los Angeles high school pursue witchcraft.The Craft
52%
Disney film with witches and Nazis, starring Angela LansburyBedknobs and Broomsticks
50%
Sandra Bullock and Nicole KidmanPractical Magic
44%

Score Distribution

Percentile by Number Answered

Percent of People with Each Score

Your Score History

You have not taken this quiz